000 00819nam a2200229Ia 4500
008 130821s1973 xxua gr eng
020 _a398028451
040 _aCo-BoUCM
_bspa
041 0 0 _aeng
092 _aFMR 0171
100 1 _aFord, Frank Rodolph
_9166227
245 1 0 _aDiseases of the nervous system in infancy, childhood and adolescence
_cFrank R. Ford
250 _a6th ed.
260 _aSpringfield (Illinois, Estados Unidos)
_bThomas
_c1973
300 _axxii, 1557 páginas
_bilustraciones (algunas en color)
500 _aLibro disponible en 48 horas a partir de la solicitud.
504 _aIncluye bibliografía e índice general.
650 0 4 _aEnfermedades del sistema nervioso
_914383
650 0 4 _aNeurología pediátrica
_920304
650 0 4 _aNeurología
_920299
942 _cLIBRO
_a15
_e6
_n0
999 _c64756
_d64756